| 000 | 00807nam a22002177a 4500 | ||
|---|---|---|---|
| 005 | 20170821114736.0 | ||
| 010 | _aBAC-CH25 | ||
| 020 |
_a9780141346885 _c350.00 |
||
| 035 | _aB-560076-103 | ||
| 035 | _aB-665026 | ||
| 037 |
_bBlue Berry/Ven _adpl |
||
| 082 | _aN | ||
| 100 | _aRiordan, Rick | ||
| 245 |
_aPercy Jackson: _cby Rick Riordan _band the last olympian / |
||
| 260 |
_aNew Delhi _bPuffin Books _c2013 |
||
| 270 |
_a11 Community Centre, Panchsheel Park _bNew Delhi _e10017 (India) |
||
| 300 |
_a360p. _c20cm(pbk) |
||
| 942 |
_2ddc _cCH _mRIO _hN |
||
| 999 |
_c85669 _d85669 |
||